| 000 | 01008nam a2200229Ii 4500 | ||
|---|---|---|---|
| 003 | JO-AjNU | ||
| 008 | 230605s9999||||xx |||||||||||||| ||und|| | ||
| 017 | _a2019/12/6241 | ||
| 020 | _a978-9957-66-191-5 | ||
| 040 |
_aJO-AjNU _bara _erda _cJO-AjNU |
||
| 041 | _aara | ||
| 050 | 1 | 4 | _aHF5351 2020 |
| 100 | 3 |
_aالحنيطي، هيثم خلف, _eauthor _959589 |
|
| 245 | 0 | 0 | _aمبادىء ريادة الاعمال ما بين النظرية والتطبيق=Principles of Entrepreneurship Theory and Practice |
| 250 | _aالطبعة الاولى | ||
| 264 | 3 | 1 | _aعمان: دار الحامد للنشر والتوزيع، 2020 |
| 300 |
_a473ص _b ويحتوي على قائمة مراجع من ص443-ص473 |
||
| 336 |
_atext _btxt _2rdacontent |
||
| 337 |
_aunmediated _bn _2rdamedia |
||
| 338 |
_avolume _bnc _2rdacarrier |
||
| 650 | 4 |
_aادارة المشاريع-التفكير- التدريب- التنمية الادارية-التخطيط الاستراتيجي-ادارة الاعمال _959590 |
|
| 999 |
_aA26823 _c30391 _d30391 |
||